Marcatori dell'Inghilterra agli Europei - Europa 2020 - Statistics

Statistiche generali
  • Questo quiz è stato fatto 12 volte
  • Il punteggio medio è 8 su 10
Statistiche sulle risposte
Partita Minuto Marcatore % Corretto
Inghilterra - Germania 2-0 86' Harry Kane
100%
Ucraina - Inghilterra 0-4 4' Harry Kane
100%
Ucraina - Inghilterra 0-4 50' Harry Kane
100%
Inghilterra - Danimarca 2-1 (d.t.s.) 104' Harry Kane
100%
Ucraina - Inghilterra 0-4 46' Harry Maguire
73%
Italia - Inghilterra 4-3 (d.c.r.) 2' Luke Shaw
73%
Inghilterra - Croazia 1-0 57' Raheem Sterling
64%
Repubblica Ceca - Inghilterra 0-1 12' Raheem Sterling
64%
Inghilterra - Germania 2-0 75' Raheem Sterling
64%
Ucraina - Inghilterra 0-4 63' Jordan Henderson
36%
Nessun quiz corrispondente trovato
Distribuzione punteggi
Percentuale di utenti per punteggio
Percentile per numero di risposta
I tuoi punteggi nel tempo
Non hai fatto questo quiz